Statistics for Countries Closest to Greenland - 30 Second Sprint

Click here to take the quiz!

General Stats

  • This quiz has been taken 48 times
  • The average score is 13 of 20

Answer Stats

kmcountrymiles% Correct
1407United Kingdom874
97%
26Canada16
95%
2135United States1327
95%
446Norway277
92%
285Iceland177
92%
1403Sweden873
90%
1764Ireland1096
87%
2060Denmark1280
87%
1426Finland886
82%
942Russia585
79%
2466France1532
72%
2307Netherlands1434
72%
2457Belgium1527
56%
2245Germany1395
54%
2390Estonia1485
41%
2481Latvia1542
33%
2574Lithuania1600
33%
2548Poland1584
31%
1088Faroe Islands676
18%
2400Portugal1491
15%

Score Distribution

Percentile by Number Answered

Percent of People with Each Score

Your Score History

You have not taken this quiz